000 01618nam a2200361 a 4500
003 EG-GiCUC
005 20250223025548.0
008 090330s2009 ua dh f m 000 0 eng d
040 _aEG-GiCUC
_beng
_cEG-GiCUC
041 0 _aeng.
049 _aDeposite
097 _aM.Sc.
099 _aCai01.11.10.M.Sc.2009.Fa.S.
100 0 _aFatma Waheed Ali Sadek
245 1 0 _aSeminal heme oxygenase in fertile and infertile males /
_cFatma Waheed Ali Sadek ; Supervised Taymour Mostafa , Hazem M. Atta , Osama K. Shaeer
246 1 5 _aانزيم الهيم أكسيجينيز بالسائل المنوى بالذكور المخصبين وغير المخصبين
260 _aCairo :
_bFatma Waheed Ali Sadek ,
_c2009
300 _a78P. :
_bcharts , facsimiles ;
_c25cm.
502 _aThesis (M.Sc.) - Cairo University - Faculty of Medicine - Department of Dermatology and Venerology
520 _aHeme oxygenase (Ho-1) enzyme controls the initial and rate-limiting step in heme catabolism cleaving heme to biliverdine then to bilirubin iron is released when the heme ring is opened while CO is liberated therefore HO enzyme down-regulates all cellular homoproteins
530 _aIssued also as CD
653 4 _aAdeno-associated virus
653 4 _aBiliverdin reductase
653 4 _aSeminal heme oxygenase
700 0 _aHazem Mahmoud Atta ,
_eSupervisor
700 0 _aOsama Kamal Shaeer ,
_eSupervisor
700 0 _aTaymour Mostafa ,
_eSupervisor
856 _uhttp://172.23.153.220/th.pdf
902 _a1
905 _aEnas
_eCataloger
905 _aMustafa
_eRevisor
942 _2ddc
_cTH
999 _c15676
_d15676